| 000 | 00940nam a2200229 a 4500 | ||
|---|---|---|---|
| 001 | 000024491 | ||
| 005 | 20200930023212.0 | ||
| 008 | 110128s1970 ag r 000 0 spa d | ||
| 040 |
_aDO-SdBNP _bspa _cBNPHU |
||
| 082 |
_ann* _bnn* |
||
| 240 | 1 | 4 |
_aThe farther vision educational television today. _lEspañol |
| 245 | 0 | 0 |
_aTV educativa: presente y futuro / _cselección y presentación de Allen E. Koenig y Ruane B. Hill ; traducción de Roberto Juan Walton ; introducción de José Bullaude. |
| 260 |
_aBuenos Aires : _bTroquel, _c1970. |
||
| 300 |
_a350 p. ; _c22 cm. |
||
| 534 |
_aTítulo del original inglés : _tThe farther vision educational television today |
||
| 500 | _aIncluye referencias bibliográficas y notas al pie de las páginas. | ||
| 700 | 1 |
_aWalton, Roberto Juan, _etr. _949418 |
|
| 700 | 1 |
_aKoenig, Allen E. _950192 |
|
| 700 | 1 |
_aHill, Ruane B. _950193 |
|
| 700 | 1 |
_aBullaude, José, _eintrod. _950194 |
|
| 049 | _aBNGR | ||
| 999 |
_c23984 _d23984 |
||